| 000 | 00671nam a2200205Ia 4500 | ||
|---|---|---|---|
| 003 | OSt | ||
| 005 | 20250714102511.0 | ||
| 008 | 210210b1995 xxu||||| |||| 00| 0 eng d | ||
| 040 | _cAL | ||
| 041 | _aKannada | ||
| 082 | _a574.028K KATJ | ||
| 100 |
_aKATRE SHAKUNTALA mattu RAJASAB (A H),Ed. _dಕಟ್ರೆ ಶಕುಂತಲಾ ಮತ್ತು ರಾಜಸಾಬ್ (ಎ ಎಚ್) _9218547 |
||
| 245 |
_aJivashastra puravani. _b ಜೀವಶಾಸ್ತ್ರ ಪುರವಣಿ. |
||
| 260 |
_aHampi _bKannada Vishvavidyalaya _c1995 |
||
| 300 | _a73 | ||
| 650 |
_aJivashastra Prayoga _9218548 |
||
| 690 |
_aBiology _9218549 |
||
| 906 | _a050672 | ||
| 942 |
_2ddc _cBK |
||
| 999 |
_c99269 _d99269 |
||